Birthplaces Of Footballers - Statistics

General Stats
  • This quiz has been taken 8 times
  • The average score is 6 of 15
Answer Stats
Hint Answer % Correct
Rosario, Argentina Lionel Messi
88%
Funchal, Portugal Cristiano Ronaldo
75%
Paris, France Kylian Mbappe
75%
Walthamstow, England Harry Kane
63%
Stourbridge, England Jude Bellingham
50%
Drongen, Belgium Kevin De Bruyne
50%
Drammen,Norway Martin Odegaard
50%
Leeds, England Erling Haaland
38%
Bahia Blanca, Argentina Lautaro Martinez
38%
Madrid, Spain Rodri
25%
Sao Goncalo, Brazil Vini Jr
25%
Breda, Netherlands Virgil Van Dijk
25%
Novo Hamburgo, Brazil Alisson
13%
Bree, Belgium Thibaut Courtois
13%
Castellammare di Stabia, Italy Gianluigi Donnarumma
0%
No matching quizzes found
Score Distribution
Percent of People with Each Score
Percentile by Number Answered
Your Score History
You have not taken this quiz